Handbook of Statistics: Signal Processing and its Applications (Vol. 10)

Saved in:
Bibliographic Details
Main Author: Bose
Format: Book
Published: North Holland
Tags: Add Tag
No Tags, Be the first to tag this record!

MARC

LEADER 00000nam a2200000Ia 4500
005 20260513122049.0
020 |a 9780444892058 
100 |a Bose 
365
365 |b 28.00 
942 |c BK 
245 |a Handbook of Statistics: Signal Processing and its Applications (Vol. 10) 
260 |b North Holland 
999 |c 4  |d 4 
952 |0 0  |1 0  |4 0  |7 0  |a UNSW  |b UNSW  |d 2026-05-06  |g 250.00  |i 16681  |l 0  |p 000063  |r 2026-05-13 12:20:49  |v 250.00  |w 2026-05-13  |y BK